|
|
|
|
| LEADER |
01459nam a2200325 a 4500 |
| 001 |
c000384348 |
| 003 |
CARM |
| 005 |
00000000000000.0 |
| 008 |
s1983 nz 00010 eng d |
| 019 |
1 |
|
|a 69850889
|5 LACONCORD2021
|
| 035 |
|
|
|a (OCoLC)154218918
|5 LACONCORD2021
|
| 040 |
|
|
|a VDU
|c VDU
|
| 043 |
|
|
|a u-nz---
|
| 082 |
0 |
4 |
|a 615.58
|
| 100 |
1 |
|
|a Burt, Wayne L.
|
| 245 |
1 |
2 |
|a A two centre survey of medication /
|c Wayne L. Burt & Michael H. Cooper.
|
| 260 |
|
|
|a Dunedin, N.Z. :
|b University of Otago,
|c [1983]
|
| 300 |
|
|
|a 27, 29, 20 p. ;
|c 30 cm.
|
| 490 |
0 |
|
|a Economics discussion papers,
|x 0111-1760 ;
|v no. 8301.
|
| 505 |
0 |
|
|a Part 1. The barriers to self and professional medication -- Part 2. Health care utilisation -- Part 3. Strategies in illness.
|
| 500 |
|
|
|a "preliminary results of a survey administered to 809 adult respondents resident in Whangarei and Invercargill in October 1981"--Introd.
|
| 504 |
|
|
|a Includes bibliographical references.
|
| 650 |
|
0 |
|a Medical care
|z New Zealand.
|
| 650 |
|
0 |
|a Self medication
|z New Zealand.
|
| 700 |
1 |
|
|a Cooper, Michael H.
|q (Michael Hymie)
|
| 710 |
2 |
|
|a University of Otago.
|
| 830 |
|
0 |
|a Economics discussion papers (University of Otago) ;
|v no. 8301.
|
| 852 |
8 |
|
|b CARM
|h A3:AI14C0
|i F07814
|p 0478757
|f BK
|
| 999 |
f |
f |
|i 0bbaf596-d398-5c9c-952f-c9a4b6f0fa14
|s f3a64f0e-9722-5920-a23c-27e24b6c5bdc
|
| 952 |
f |
f |
|p Can circulate
|a CAVAL
|b CAVAL
|c CAVAL
|d CARM 1 Store
|e F07814
|f A3:AI14C0
|h Other scheme
|i book
|m 0478757
|